000
00272nam a22001217a 4500
008
260225b ||||| |||| 00| 0 eng d
041
_a
shqip
080
_a
2.1
100
_a
20.1
101
_a
Dokumentar
245
_a
Selia e Shejtë Kriza në Kosovë
942
_2
lcc
_c
BK
999
_c
60851
_d
60851